Biomechanika hybnosti /

Uloženo v:
Podrobná bibliografie
Hlavní autoři: Živčák, Jozef 1958- (Autor), Knežo, Dušan (Autor)
Médium: Kniha
Jazyk:slovenština
Vydáno: Prešov : Prešovská univerzita v Prešove, 2008
Vydání:1. vyd.
Témata:
ISBN:9788080686086
On-line přístup: Získat plný text
Tagy: Přidat tag
Žádné tagy, Buďte první, kdo vytvoří štítek k tomuto záznamu!

MARC

LEADER 00000nam a2200000 4500
003 SK-BrCVT
005 20220621165603.0
008 081023s2008 xo e ||||||slo d
020 |a 9788080686086 
035 |a CVTIDW1463676 
040 |b slo  |a CVTI SR  |e AACR2 
041 0 |a slo 
044 |a xo 
080 |a 612.7:531  |2 UDC-MRF 
080 |a 796.015.6  |2 UDC-MRF 
100 1 |a Živčák, Jozef  |d 1958-,  |4 aut 
245 1 0 |a Biomechanika hybnosti /  |c Jozef Živčák, Dušan Knežo 
250 |a 1. vyd. 
260 |a Prešov :  |b Prešovská univerzita v Prešove,  |c 2008 
300 |a 207 s. :  |b fotogr., grafy, lit., obr., tab. ; 
500 |a Fakulta zdravotníctva 
500 |a Európsky sociálny fond 
653 1 |a kineziológia človeka  |a biomechanika neatletických športov  |a výkonnostná norma  |a rehabilitačný stroj 
700 1 |a Knežo, Dušan  |4 aut 
910 |b S606190 
919 |a 978-80-8068-608-6 
974 |f Knihy 
992 |a ASK 
999 |c 171161  |d 171161